000 00534nam a2200181Ia 4500
001 20080
005 20260306172740.0
008 260306t2001||||xx |||||||||||||| ||spa||
041 _aESP
082 _a342.211
_bP35 T. 2 V. 1
100 _aPeces-Barba Martínez, Gregorio
_eAUT
245 0 _aHistoria de los derechos fundamentales:
_bel contexto social, cultural y político de los derechos. Los rasgos generales de evolución
260 _c2001
300 _a
_c
650 _aGEN
654 _aCDE
942 _cLIB
_dJUS
_fJUS
_2ddc
_n
999 _c20080
_d20080